MARC

LEADER 00000nam0a2200000 4500
001 52156
005 20231031041248.0
010 |a 5801501207 
035 |a (RuTPU)RU\TPU\book\54632 
090 |a 52156 
100 |a 20030523d2002 k y0rusy50 ca 
101 0 |a rus  |a eng 
102 |a RU 
105 |a a z 001zy 
200 1 |a Эволюция цивилизации  |f Л. В. Осипова-Дербас  |g Под ред. А. О. Бороноева 
210 |a СПб.  |c Европейский дом  |d 2002 
215 |a 352 с.  |c ил. 
320 |a Библиогр.: с. 326-328 
610 1 |a социология 
610 1 |a цивилизации 
610 1 |a эволюция 
610 1 |a личность 
610 1 |a социальные системы 
610 1 |a социальное поведение 
610 1 |a история 
610 1 |a общество 
610 1 |a Древнее общество 
610 1 |a первобытные системы 
610 1 |a земельная собственность 
610 1 |a рыночные системы 
610 1 |a совмещенные системы 
610 1 |a античность 
610 1 |a Россия 
610 1 |a Чечня 
610 1 |a терроризм 
686 |a С55  |v LBC/SL-A  |2 rubbk 
700 1 |a Осипова-Дербас  |b Л. В.  |g Лариса Витальевна 
702 1 |a Бороноев  |b А. О.  |4 340 
801 1 |a RU  |b 63413507  |c 20030523  |g PSBO 
801 2 |a RU  |b 63413507  |c 20140523  |g PSBO 
942 |c BK